| 000 | 00653nam a22002297a 4500 | ||
|---|---|---|---|
| 003 | OSt | ||
| 005 | 20230612153008.0 | ||
| 008 | 140104b xxu||||| |||| 00| 0 eng d | ||
| 020 | _a978148211407 | ||
| 040 | _cIIITM-K | ||
| 082 | _a004.62 CHA/I | ||
| 245 |
_aThe internet of things: _bConnecting objects to the web _cedited by Hakima Chaouchi |
||
| 260 |
_aUSA, _bWiley, _c2010. |
||
| 300 | _axvi, 265p. | ||
| 650 |
_aCOMMUNICATION ENGINEERING _92767 |
||
| 650 |
_aNETWORK TECHNOLOGY _92768 |
||
| 650 |
_aNETWORK ARCHITECTURES _92769 |
||
| 650 |
_aRFID _92770 |
||
| 650 | _aInternet of Things | ||
| 700 |
_aChaouchi, Hakima _92771 |
||
| 942 |
_2ddc _cBK |
||
| 999 |
_c3490 _d3490 |
||